La verdad sublime

保存先:
書誌詳細
第一著者: Lacoue-Labarthe, Philippe (著者)
フォーマット: 図書
言語:スペイン語
出版事項: Santiago Ediciones Metales Pesados 2015
版:1a. ed
主題:
タグ: タグ追加
タグなし, このレコードへの初めてのタグを付けませんか!

MARC

LEADER 00000cam a2200000 a 4500
001 UCE9217
003 CL-VaPUC
008 151009e20150000cl |||||||||||||||||spa|d
020 |a 9789568415822 
082 0 4 |a 194  |b LAC  |2 21 
100 |a Lacoue-Labarthe, Philippe  |e author  |9 592316 
245 1 3 |a La verdad sublime 
250 |a 1a. ed 
300 |a 81 p 
942 |c BK 
945 |d 20151009 15:17:00  |a dcastane 
260 |a Santiago  |b Ediciones Metales Pesados  |c 2015 
650 0 |a Filosofía francesa   |9 255698 
650 0 |a Filósofos franceses  |9 314621 
650 0 |a Filosofía contemporánea  |9 265372 
583 |a last modification  |c 20151014 10:48:30  |k Rodrigo Vera 
999 |c 360894  |d 360892 
952 |0 0  |1 0  |3 erb  |4 0  |6 194_000000000000000_LAC_2015  |7 0  |8 A  |9 471157  |a BIBART  |b BIBART  |i 5241723  |o 194 LAC 2015  |p 5241723  |r 2025-03-13  |w 2019-11-24  |y BK  |z Catalogado en:20151009  |k ART